<?xml version="1.0" encoding="UTF-8"?>
<record
    xmlns:xsi="http://www.w3.org/2001/XMLSchema-instance"
    xsi:schemaLocation="http://www.loc.gov/MARC21/slim http://www.loc.gov/standards/marcxml/schema/MARC21slim.xsd"
    xmlns="http://www.loc.gov/MARC21/slim">

  <leader>01392nam a2200301 a 4500</leader>
  <controlfield tag="001">60027</controlfield>
  <controlfield tag="003">BD-RjUL</controlfield>
  <controlfield tag="005">20211209080809.0</controlfield>
  <controlfield tag="008">161228s2007    bg ||||| ||||o000 0 ben d</controlfield>
  <datafield tag="020" ind1=" " ind2=" ">
    <subfield code="a">9840745905</subfield>
    <subfield code="c">: Tk 360.00</subfield>
  </datafield>
  <datafield tag="035" ind1=" " ind2=" ">
    <subfield code="a">(BD-RjUL)60151</subfield>
  </datafield>
  <datafield tag="040" ind1=" " ind2=" ">
    <subfield code="a">BD-RjUL</subfield>
    <subfield code="b">ben</subfield>
    <subfield code="c">BD-RjUL</subfield>
  </datafield>
  <datafield tag="041" ind1=" " ind2=" ">
    <subfield code="a">ben</subfield>
  </datafield>
  <datafield tag="082" ind1=" " ind2=" ">
    <subfield code="2">23</subfield>
    <subfield code="a">615.53203</subfield>
    <subfield code="b">CLD 2007</subfield>
  </datafield>
  <datafield tag="100" ind1=" " ind2=" ">
    <subfield code="a">&#x995;&#x9CD;&#x9B2;&#x9BE;&#x9B0;&#x9CD;&#x995;, &#x99C;&#x9A8; &#x9B9;&#x9C7;&#x9A8;&#x9B0;&#x9BF; </subfield>
    <subfield code="9">181597</subfield>
  </datafield>
  <datafield tag="245" ind1="0" ind2="0">
    <subfield code="a">&#x98F; &#x9A1;&#x9BF;&#x995;&#x9B6;&#x9A8;&#x9BE;&#x9B0;&#x9BF; &#x985;&#x9AC; &#x9AA;&#x9CD;&#x9B0;&#x9CD;&#x9AF;&#x9BE;&#x995;&#x9CD;&#x99F;&#x9BF;&#x995;&#x9CD;&#x9AF;&#x9BE;&#x9B2; &#x9AE;&#x9C7;&#x99F;&#x9C7;&#x9B0;&#x9BF;&#x9AF;&#x9BC;&#x9BE; &#x9AE;&#x9C7;&#x9A1;&#x9BF;&#x995;&#x9BE; /</subfield>
    <subfield code="c">&#x99C;&#x9A8; &#x9B9;&#x9C7;&#x9A8;&#x9B0;&#x9BF; &#x995;&#x9CD;&#x9B2;&#x9BE;&#x9B0;&#x9CD;&#x995;, &#x985;&#x9A8;&#x9C1;&#x9AC;&#x9BE;&#x9A6; &#x9AE;&#x9CB;. &#x986;&#x9AF;&#x9BC;&#x9C7;&#x9A8; &#x989;&#x9A6;&#x9CD;&#x9A6;&#x9BF;&#x9A8; &#x9AC;&#x9BF;&#x9B6;&#x9CD;&#x9AC;&#x9BE;&#x9B8;</subfield>
  </datafield>
  <datafield tag="260" ind1=" " ind2=" ">
    <subfield code="a">&#x9A2;&#x9BE;&#x995;&#x9BE; :</subfield>
    <subfield code="b">&#x9AC;&#x9BE;&#x982;&#x9B2;&#x9BE; &#x98F;&#x995;&#x9BE;&#x9A1;&#x9C7;&#x9AE;&#x9C0; ,</subfield>
    <subfield code="c">&#x9E8;&#x9E6;&#x9E6;&#x9ED;.</subfield>
  </datafield>
  <datafield tag="300" ind1=" " ind2=" ">
    <subfield code="a"> &#x996;&#x9A8;&#x9CD;&#x9A1; ;</subfield>
    <subfield code="c">&#x9E8;&#x9E9; &#x9B8;&#x9C7;&#x9AE;&#x9BF;.</subfield>
  </datafield>
  <datafield tag="490" ind1=" " ind2=" ">
    <subfield code="v">&#x9AC;&#x9BE;/&#x98F; ;</subfield>
    <subfield code="a">&#x9EA;&#x9EB;&#x9EE;&#x9E7; (V-1)</subfield>
  </datafield>
  <datafield tag="505" ind1="0" ind2=" ">
    <subfield code="a">&#x996;&#x9A8;&#x9CD;&#x9A1; &#x9E7; --</subfield>
  </datafield>
  <datafield tag="650" ind1=" " ind2=" ">
    <subfield code="a">&#x9AE;&#x9C7;&#x99F;&#x9C7;&#x9B0;&#x9BF;&#x9AF;&#x9BC;&#x9BE; &#x9AE;&#x9C7;&#x9A1;&#x9BF;&#x995;&#x9BE;</subfield>
    <subfield code="v">&#x985;&#x9AD;&#x9BF;&#x9A7;&#x9BE;&#x9A8;</subfield>
    <subfield code="9">181598</subfield>
  </datafield>
  <datafield tag="650" ind1=" " ind2=" ">
    <subfield code="a">Meteria medica. </subfield>
    <subfield code="v">Dictionaries</subfield>
    <subfield code="9">181599</subfield>
  </datafield>
  <datafield tag="650" ind1=" " ind2=" ">
    <subfield code="a">&#x9B9;&#x9CB;&#x9AE;&#x9BF;&#x993;&#x9AA;&#x9CD;&#x9AF;&#x9BE;&#x9A5;&#x9C0;</subfield>
    <subfield code="v">&#x985;&#x9AD;&#x9BF;&#x9A7;&#x9BE;&#x9A8;</subfield>
    <subfield code="9">176641</subfield>
  </datafield>
  <datafield tag="650" ind1=" " ind2=" ">
    <subfield code="a">Homeopathy</subfield>
    <subfield code="v">Dictionaries</subfield>
    <subfield code="9">181606</subfield>
  </datafield>
  <datafield tag="700" ind1=" " ind2=" ">
    <subfield code="a">&#x9AC;&#x9BF;&#x9B6;&#x9CD;&#x9AC;&#x9BE;&#x9B8;, &#x9AE;&#x9CB;&#x983; &#x986;&#x9AF;&#x9BC;&#x9C7;&#x9A8; &#x989;&#x9A6;&#x9CD;&#x9A6;&#x9BF;&#x9A8;, &#x985;&#x9A8;&#x9C1;&#x9AC;&#x9BE;&#x9A6;&#x995;   </subfield>
    <subfield code="9">178612</subfield>
  </datafield>
  <datafield tag="830" ind1=" " ind2=" ">
    <subfield code="a">&#x9AC;&#x9BE;/&#x98F; ;</subfield>
    <subfield code="v">&#x9EA;&#x9EB;&#x9EE;&#x9E7; (V-1)</subfield>
    <subfield code="9">181607</subfield>
  </datafield>
  <datafield tag="942" ind1=" " ind2=" ">
    <subfield code="2">ddc</subfield>
    <subfield code="c">REF</subfield>
  </datafield>
  <datafield tag="999" ind1=" " ind2=" ">
    <subfield code="c">60027</subfield>
    <subfield code="d">60027</subfield>
  </datafield>
  <datafield tag="952" ind1=" " ind2=" ">
    <subfield code="0">0</subfield>
    <subfield code="1">0</subfield>
    <subfield code="2">ddc</subfield>
    <subfield code="4">0</subfield>
    <subfield code="7">1</subfield>
    <subfield code="8">REF</subfield>
    <subfield code="a">RUCL</subfield>
    <subfield code="b">RUCL</subfield>
    <subfield code="c">Reference</subfield>
    <subfield code="d">2009-08-20</subfield>
    <subfield code="e">Dhaka, Bangla Academy</subfield>
    <subfield code="g">360.00</subfield>
    <subfield code="l">0</subfield>
    <subfield code="o">BR 615.53203 CLD V-1 2007</subfield>
    <subfield code="r">2016-12-28 00:00:00</subfield>
    <subfield code="t">C-1</subfield>
    <subfield code="w">2021-12-09</subfield>
    <subfield code="y">REF</subfield>
  </datafield>
</record>
